[Event "Bayern-chI Bank Hofmann 25th"]
[Site "Tegernsee"]
[Date "2022.11.05"]
[Round "1"]
[White "Staeblein, Christoph"]
[Black "Koellner, Ruben Gideon"]
[Result "0-1"]
[WhiteElo "2089"]
[BlackElo "2412"]
[PlyCount "102"]
[EventDate "2022.11.05"]
[EventType "swiss"]
[EventRounds "9"]
[EventCountry "GER"]
[SourceTitle "CBM 211 Extra"]
[Source "ChessBase"]
[SourceDate "2023.01.31"]
[SourceVersion "1"]
[SourceVersionDate "2023.01.31"]
[SourceQuality "1"]

1. d4 d6 2. c4 e5 3. Nf3 e4 4. Nfd2 f5 5. e3 Nf6 6. Nc3 c5 7. Nb3 Nc6 8. Be2 Be7 9. 0-0 0-0 10. f3 b6 11. Bd2 Ba6 12. fxe4 fxe4 13. Qb1 cxd4 14. Nxd4 Nxd4 15. exd4 d5 16. cxd5 Bxe2 17. Nxe2 Qxd5 18. h3 Rae8 19. Be3 Bd6 20. Qd1 Bb8 21. Qd2 Nh5 22. Rxf8+ Rxf8 23. Qb4 Qf5 24. Qb3+ Kh8 25. Rc1 h6 26. Qc3 Nf6 27. Qe1 Nd5 28. Bf2 e3 29. Bg3 Bxg3 30. Nxg3 Qf2+ 31. Qxf2 Rxf2 32. Re1 Rxb2 33. Nf5 e2 34. Kf2 Rxa2 35. Rxe2 Rxe2+ 36. Kxe2 b5 37. Kd3 a5 38. Nd6 Nc7 39. Kc3 Kg8 40. Nb7 Nd5+ 41. Kd3 a4 42. Ke4 Nb4 43. d5 Kf8 44. d6 Ke8 45. Nc5 a3 46. Nb3 a2 47. Na1 Kd7 48. Ke5 Nd3+ 49. Ke4 Ne1 50. g3 b4 51. Kd5 Nc2 0-1

[Event "GER-ch Net blitz qual5"]
[Site "Playchess.com INT"]
[Date "2020.03.28"]
[Round "5"]
[White "Kahlert, Thomas"]
[Black "Staeblein, Christoph"]
[Result "1/2-1/2"]
[WhiteElo "2147"]
[BlackElo "2170"]
[PlyCount "92"]
[EventDate "2020.03.28"]
[EventType "swiss (blitz)"]
[EventRounds "13"]
[EventCountry "GER"]
[SourceTitle "CBM 195 Extra"]
[Source "ChessBase"]
[SourceDate "2020.05.31"]
[SourceVersion "1"]
[SourceVersionDate "2020.05.31"]
[SourceQuality "1"]

1. c4 Nf6 2. Nc3 e6 3. e4 d5 4. e5 d4 5. exf6 dxc3 6. bxc3 Qxf6 7. d4 e5 8. Nf3 exd4 9. Bg5 Qe6+ 10. Be2 Be7 11. cxd4 Bxg5 12. Nxg5 Qe7 13. Nf3 0-0 14. 0-0 Bg4 15. h3 Bh5 16. Re1 Qf6 17. Rb1 b6 18. Ne5 Bxe2 19. Qxe2 h6 20. Rb3 Qd6 21. Qe4 Nd7 22. Rg3 Nxe5 23. Qxe5 Qxe5 24. Rxe5 Rfe8 25. Rge3 Kf8 26. d5 Rxe5 27. Rxe5 Re8 28. f4 f6 29. Rxe8+ Kxe8 30. Kf2 Ke7 31. Ke3 Kd6 32. Kd4 c6 33. dxc6 Kxc6 34. a4 h5 35. g4 hxg4 36. hxg4 g5 37. fxg5 fxg5 38. Ke5 Kc5 39. Kf5 Kxc4 40. Kxg5 b5 41. axb5 Kxb5 42. Kh6 a5 43. g5 a4 44. g6 a3 45. g7 a2 46. g8Q a1Q 1/2-1/2

[Event "GER-ch Net blitz qual5"]
[Site "Playchess.com INT"]
[Date "2020.03.28"]
[Round "13"]
[White "Staeblein, Christoph"]
[Black "Carow, Johannes"]
[Result "0-1"]
[WhiteElo "2170"]
[BlackElo "2444"]
[PlyCount "62"]
[EventDate "2020.03.28"]
[EventType "swiss (blitz)"]
[EventRounds "13"]
[EventCountry "GER"]
[SourceTitle "CBM 195 Extra"]
[Source "ChessBase"]
[SourceDate "2020.05.31"]
[SourceVersion "1"]
[SourceVersionDate "2020.05.31"]
[SourceQuality "1"]

1. d4 d5 2. c4 dxc4 3. Nf3 Nf6 4. e3 e6 5. Bxc4 a6 6. 0-0 b5 7. Bd3 c5 8. dxc5 Bxc5 9. a4 b4 10. Qe2 Bb7 11. Rd1 Nbd7 12. Nbd2 0-0 13. Nc4 Qb8 14. b3 Nd5 15. Bb2 N7f6 16. Rac1 Rc8 17. Be5 Qa7 18. Qb2 a5 19. Re1 Rd8 20. Nd4 Nc3 21. Bxf6 gxf6 22. Nb5 Nxb5 23. Qxf6 Rxd3 24. Qg5+ Kf8 25. Qh6+ Ke8 26. Nxa5 Bf8 27. Qxh7 Rc3 28. Rxc3 Nxc3 29. Nc4 Bd5 30. Ne5 Qe7 31. Qd3 Qg5 0-1

[Event "GER-ch Net blitz qual5"]
[Site "Playchess.com INT"]
[Date "2020.03.28"]
[Round "6"]
[White "Staeblein, Christoph"]
[Black "Flach, Erich"]
[Result "1-0"]
[WhiteElo "2170"]
[BlackElo "2073"]
[PlyCount "107"]
[EventDate "2020.03.28"]
[EventType "swiss (blitz)"]
[EventRounds "13"]
[EventCountry "GER"]
[SourceTitle "CBM 195 Extra"]
[Source "ChessBase"]
[SourceDate "2020.05.31"]
[SourceVersion "1"]
[SourceVersionDate "2020.05.31"]
[SourceQuality "1"]

1. d4 Nf6 2. c4 c5 3. Nf3 cxd4 4. Nxd4 e5 5. Nb5 d5 6. cxd5 Bc5 7. e3 0-0 8. N5c3 e4 9. Be2 Qe7 10. Nd2 a6 11. Nb3 Ba7 12. 0-0 Rd8 13. Qc2 Bf5 14. Rd1 Nbd7 15. Nd4 Bg6 16. Bd2 Ne5 17. Be1 Rac8 18. Qb3 Bb8 19. Rac1 Qd6 20. g3 Qd7 21. f4 exf3 22. Nxf3 Neg4 23. Na4 Ba7 24. Rxc8 Rxc8 25. Nd4 Qe7 26. Nb6 Re8 27. Bxg4 Nxg4 28. Bf2 Qf6 29. Rf1 Qxb6 30. Qxb6 Bxb6 31. Kg2 Nxf2 32. Kxf2 Rd8 33. Nb3 Rxd5 34. Rc1 Rd8 35. Rc4 f6 36. Kf3 Re8 37. h4 Rxe3+ 38. Kf4 Re5 39. Nd4 Bxd4 40. Rxd4 Rb5 41. b3 Kf7 42. g4 h5 43. gxh5 Bxh5 44. Rd7+ Kg6 45. Rd8 Rb4+ 46. Kg3 Be2 47. Rd2 Bb5 48. Rd6 Bc6 49. Rd8 Rd4 50. Rxd4 Kh5 51. Rd8 Kg6 52. a3 Kf5 53. b4 g5 54. h5 1-0

[Event "Landesliga Nord 1516"]
[Site "Bayern"]
[Date "2016.04.10"]
[Round "9.8"]
[White "Lukas, Norbert"]
[Black "Staeblein, Christoph"]
[Result "0-1"]
[WhiteElo "1930"]
[BlackElo "2111"]
[PlyCount "108"]
[EventDate "2015.10.11"]
[EventType "team-tourn"]
[EventRounds "9"]
[EventCountry "GER"]
[SourceTitle "EXT 2018"]
[Source "ChessBase"]
[SourceDate "2017.10.13"]
[SourceVersion "1"]
[SourceVersionDate "2017.10.13"]
[SourceQuality "1"]
[WhiteTeam "Schweinfurt"]
[BlackTeam "Forchheim II"]
[WhiteTeamCountry "GER"]
[BlackTeamCountry "GER"]

1. e4 e6 2. d4 d5 3. Nc3 Bb4 4. e5 Ne7 5. a3 Bxc3+ 6. bxc3 c5 7. Qg4 Qc7 8. Bb5+ Bd7 9. Bxd7+ Nxd7 10. Ne2 cxd4 11. Qxg7 Qxe5 12. Qxe5 Nxe5 13. cxd4 Nc4 14. 0-0 Nf5 15. c3 Rg8 16. Bf4 Rc8 17. a4 b6 18. Rfb1 f6 19. Re1 Kf7 20. Rad1 Rc6 21. Kh1 Nb2 22. Rd2 Nxa4 23. Ra2 b5 24. Rb1 a6 25. Rb3 Rgc8 26. Bd2 Nd6 27. f3 Nc4 28. Be1 Ne3 29. Rb1 Nf5 30. Kg1 Nd6 31. Kf2 Ra8 32. Rba1 Nc4 33. Nf4 Nd6 34. Ne2 Ne8 35. Ke3 Nb6 36. Kd3 Nc4 37. Nc1 Ned6 38. Nb3 Nb7 39. Nc1 a5 40. Rb1 Nbd6 41. Ne2 Rb6 42. Bg3 e5 43. dxe5 fxe5 44. Bf2 Rc6 45. Ng3 Rac8 46. Be1 a4 47. Ne2 Na5 48. Bg3 Kf6 49. Bh4+ Kf7 50. Bg3 Re8 51. Rf1 Nb3 52. Be1 Nc4 53. Bg3 Nc5+ 54. Kc2 Ne3+ 0-1

[Event "Regionalliga NO 0910"]
[Site "Bayern"]
[Date "2009.11.15"]
[Round "2.5"]
[White "Schmid, Roland1111"]
[Black "Staeblein, Christoph"]
[Result "1-0"]
[WhiteElo "2202"]
[BlackElo "2110"]
[PlyCount "59"]
[EventDate "2009.10.18"]
[EventType "team-tourn"]
[EventRounds "9"]
[EventCountry "GER"]
[SourceTitle "EXT 2011"]
[Source "ChessBase"]
[SourceDate "2010.11.26"]
[SourceVersion "1"]
[SourceVersionDate "2010.11.26"]
[SourceQuality "1"]
[WhiteTeam "Neutraubling"]
[BlackTeam "Forchheim II"]
[WhiteTeamCountry "GER"]
[BlackTeamCountry "GER"]

1. e4 e6 2. d4 d5 3. Nd2 Nf6 4. e5 Nfd7 5. Bd3 c5 6. c3 Nc6 7. Ne2 cxd4 8. cxd4 f6 9. exf6 Nxf6 10. 0-0 Bd6 11. Nf3 Qc7 12. Bg5 0-0 13. Rc1 Nh5 14. Ng3 Nf4 15. Bb1 Qf7 16. Qc2 g6 17. Bh6 Re8 18. Rfe1 Bd7 19. Ne5 Nxe5 20. dxe5 Be7 21. Qd2 Rf8 22. Bxf8 Bxf8 23. Rc7 Bh6 24. Qb4 Rf8 25. Rf1 b6 26. Rxa7 Qe8 27. Qxb6 Rf7 28. Bc2 Bf8 29. a4 Qc8 30. Rc7 1-0

[Event "Regionalliga NO 0809"]
[Site "Bayern"]
[Date "2008.12.14"]
[Round "4.2"]
[White "Mueller, Christian2222"]
[Black "Staeblein, Christoph"]
[Result "1-0"]
[WhiteElo "2061"]
[BlackElo "2121"]
[PlyCount "59"]
[EventDate "2008.10.05"]
[EventType "team-tourn"]
[EventRounds "9"]
[EventCountry "GER"]
[SourceTitle "EXT 2020"]
[Source "ChessBase"]
[SourceDate "2019.10.17"]
[SourceVersion "1"]
[SourceVersionDate "2019.10.17"]
[SourceQuality "1"]
[WhiteTeam "Windischeschenbach"]
[BlackTeam "Forchheim II"]
[WhiteTeamCountry "GER"]
[BlackTeamCountry "GER"]

1. d4 e6 2. Nf3 Nf6 3. Bf4 b6 4. Nbd2 Bb7 5. e3 d5 6. Bd3 Be7 7. Ne5 0-0 8. Qf3 c5 9. c3 Ba6 10. Nc6 Nxc6 11. Bxa6 Qd7 12. Bd3 Bd6 13. Bg5 Ne8 14. Qh3 f5 15. g4 g6 16. gxf5 exf5 17. 0-0-0 Rf7 18. Qg2 Bf8 19. h4 h6 20. Bf4 Kh7 21. Nf3 Rg7 22. Bb5 Qe6 23. dxc5 bxc5 24. Bxc6 Qxc6 25. Ne5 Qa4 26. Qxd5 Nc7 27. Qc4 Qa5 28. Nf7 Qb5 29. Qxb5 Nxb5 30. Rd7 1-0

[Event "Regionalliga NO 0708"]
[Site "Bayern"]
[Date "2008.04.20"]
[Round "9.3"]
[White "Staeblein, Christoph"]
[Black "Seidl, Juergen"]
[Result "0-1"]
[WhiteElo "2121"]
[BlackElo "2097"]
[PlyCount "52"]
[EventDate "2007.10.21"]
[EventType "team-tourn"]
[EventRounds "9"]
[EventCountry "GER"]
[SourceTitle "EXT 2009"]
[Source "ChessBase"]
[SourceDate "2008.11.26"]
[SourceVersion "1"]
[SourceVersionDate "2008.11.26"]
[SourceQuality "1"]
[WhiteTeam "Forchheim II"]
[BlackTeam "Kareth Lappersdorf"]
[WhiteTeamCountry "GER"]
[BlackTeamCountry "GER"]

1. d4 e6 2. c4 Nf6 3. g3 Bb4+ 4. Bd2 Qe7 5. Nc3 c5 6. Nf3 cxd4 7. Nxd4 Qc5 8. e3 Nc6 9. Nb3 Qf5 10. Nb5 Ne4 11. f3 Nxd2 12. Nxd2 0-0 13. Kf2 d5 14. Nb3 dxc4 15. N3d4 Nxd4 16. Nxd4 Qf6 17. Qa4 e5 18. Nc2 Bc5 19. Bxc4 e4 20. f4 Bg4 21. Be2 Be6 22. Nd4 Bd5 23. Rad1 Rfd8 24. Rd2 Bc6 25. Qc4 Bxd4 26. Rxd4 Rxd4 0-1

[Event "Oberliga Bayern 0708"]
[Site "Bayern"]
[Date "2008.03.09"]
[Round "7.8"]
[White "Willim, Michael"]
[Black "Staeblein, Christoph"]
[Result "0-1"]
[WhiteElo "2053"]
[BlackElo "2108"]
[PlyCount "90"]
[EventDate "2007.10.21"]
[EventType "team-tourn"]
[EventRounds "9"]
[EventCountry "GER"]
[SourceTitle "EXT 2009"]
[Source "ChessBase"]
[SourceDate "2008.11.26"]
[SourceVersion "1"]
[SourceVersionDate "2008.11.26"]
[SourceQuality "1"]
[WhiteTeam "Nuernberg NT"]
[BlackTeam "Forchheim"]
[WhiteTeamCountry "GER"]
[BlackTeamCountry "GER"]

1. Nf3 Nf6 2. c4 e6 3. g3 b6 4. Bg2 Bb7 5. 0-0 c5 6. Nc3 a6 7. Re1 d6 8. e4 Qc7 9. d4 cxd4 10. Nxd4 Be7 11. Qe2 0-0 12. a4 Nc6 13. Nxc6 Bxc6 14. Nd5 exd5 15. exd5 Bd7 16. a5 Rae8 17. axb6 Qxb6 18. Be3 Qb7 19. c5 Bb5 20. c6 Qc8 21. Qc2 Bd8 22. h3 Re7 23. g4 Rfe8 24. Rec1 Bc7 25. Bf3 h6 26. Kh2 Ne4 27. Rg1 Qd8 28. Rg2 Ng5 29. Qf5 Nxf3+ 30. Qxf3 f6 31. Qf5 Re4 32. Ra3 Qe7 33. Bf4 Rxf4 34. Qxf4 Qe5 35. Kg3 Kf7 36. f3 Qe1+ 37. Kh2 Re2 38. Qg3 Rxg2+ 39. Kxg2 Qd2+ 40. Qf2 Qxd5 41. Qa7 Qd2+ 42. Kg3 Qe1+ 43. Qf2 d5+ 44. Kg2 Bf1+ 45. Kg1 Bh2+ 0-1

[Event "Regionalliga NO 0708"]
[Site "Bayern"]
[Date "2007.12.09"]
[Round "4.2"]
[White "Staeblein, Christoph"]
[Black "Horak, Michal"]
[Result "1/2-1/2"]
[WhiteElo "2108"]
[BlackElo "2286"]
[PlyCount "58"]
[EventDate "2007.10.21"]
[EventType "team-tourn"]
[EventRounds "9"]
[EventCountry "GER"]
[SourceTitle "EXT 2009"]
[Source "ChessBase"]
[SourceDate "2008.11.26"]
[SourceVersion "1"]
[SourceVersionDate "2008.11.26"]
[SourceQuality "1"]
[WhiteTeam "Forchheim II"]
[BlackTeam "Erlangen"]
[WhiteTeamCountry "GER"]
[BlackTeamCountry "GER"]

1. d4 Nf6 2. c4 g6 3. Nc3 Bg7 4. e4 d6 5. Be2 0-0 6. Bg5 h6 7. Be3 c6 8. Qd2 Kh7 9. h4 h5 10. Nh3 Bxh3 11. Rxh3 b5 12. cxb5 cxb5 13. Bxb5 Qa5 14. f3 Rc8 15. Kf2 a6 16. Be2 Nc6 17. Rhh1 e5 18. dxe5 dxe5 19. Nd5 Nxd5 20. Qxa5 Nxa5 21. exd5 Rc2 22. Rhc1 Rxb2 23. Rc5 Nb7 24. Rc7 Kg8 25. Rd1 Bf8 26. Rd2 Rxd2 27. Bxd2 Nd6 28. g4 hxg4 29. fxg4 Ne4+ 1/2-1/2

[Event "Landesliga Nord 0607"]
[Site "Bayern"]
[Date "2007.04.22"]
[Round "9.4"]
[White "Staeblein, Christoph"]
[Black "Schmid, Michael1111"]
[Result "0-1"]
[WhiteElo "2129"]
[BlackElo "2183"]
[PlyCount "70"]
[EventDate "2006.10.15"]
[EventType "team"]
[EventRounds "9"]
[EventCountry "GER"]
[SourceTitle "EXT 2008"]
[Source "ChessBase"]
[SourceDate "2007.11.25"]
[SourceVersion "1"]
[SourceVersionDate "2007.11.25"]
[SourceQuality "1"]
[WhiteTeam "Forchheim II"]
[BlackTeam "Koenigshofen"]
[WhiteTeamCountry "GER"]
[BlackTeamCountry "GER"]

1. d4 d5 2. Nf3 Nf6 3. c4 dxc4 4. g3 c6 5. Bg2 g6 6. 0-0 Bg7 7. Ne5 Nbd7 8. Nxc4 Nb6 9. Ne5 0-0 10. Nc3 Nfd5 11. Nxd5 Nxd5 12. e4 Nb6 13. f4 c5 14. Be3 cxd4 15. Bxd4 Nc4 16. Nxc4 Qxd4+ 17. Qxd4 Bxd4+ 18. Kh1 Bg4 19. Rae1 Rac8 20. Ne3 Bxe3 21. Rxe3 Rc2 22. h3 Be6 23. b3 Rd8 24. g4 Rdd2 25. Rg3 Rxa2 26. f5 Bxb3 27. Rb1 Bd1 28. Bf1 Bc2 29. Re1 a5 30. e5 Rd1 31. Rxd1 Bxd1 32. f6 exf6 33. Rd3 Be2 34. Bxe2 Rxe2 35. exf6 Re8 0-1

[Event "Landesliga Nord 0506"]
[Site "Bayern"]
[Date "2005.12.11"]
[Round "4.6"]
[White "Staeblein, Christoph"]
[Black "Kreuzer, Helmut"]
[Result "1-0"]
[WhiteElo "2086"]
[BlackElo "2174"]
[PlyCount "157"]
[EventDate "2005.10.23"]
[EventType "team"]
[EventRounds "9"]
[EventCountry "GER"]
[SourceTitle "EXT 2007"]
[Source "ChessBase"]
[SourceDate "2006.11.23"]
[SourceVersion "1"]
[SourceVersionDate "2006.11.23"]
[SourceQuality "1"]

1. d4 d5 2. c4 e6 3. g3 Nf6 4. Bg2 Be7 5. Nf3 0-0 6. 0-0 Nbd7 7. Qc2 Ne4 8. Nbd2 f5 9. b3 c6 10. Bb2 Ndf6 11. Ne5 Nxd2 12. Qxd2 Bd7 13. Nd3 Be8 14. Rac1 Ne4 15. Qc2 Bg5 16. e3 Be7 17. Nc5 Qc8 18. Nd3 g5 19. f3 Nf6 20. Ne5 Nd7 21. f4 Bg6 22. cxd5 Nxe5 23. dxe5 cxd5 24. Qc7 Re8 25. Rc2 b6 26. Bd4 gxf4 27. gxf4 Ba3 28. Rff2 Bc5 29. Qxc8 Rexc8 30. Bf1 a5 31. Bb5 Rc7 32. Rc1 Bxd4 33. Rxc7 Bxe3 34. Kg2 Bxf2 35. Kxf2 Rb8 36. Ke3 Kf8 37. h4 Bf7 38. Kd4 h6 39. a3 Bg6 40. Kd3 Bf7 41. Kc3 Bg6 42. b4 axb4+ 43. Kxb4 Bf7 44. a4 Kg7 45. Bc6 Kg6 46. Re7 Rd8 47. Bd7 d4 48. Bxe6 Be8 49. h5+ Kxh5 50. Rxe8 Rxe8 51. Bf7+ Kg4 52. Bxe8 Kxf4 53. e6 Ke5 54. Bf7 Kf6 55. Kc4 h5 56. Kxd4 h4 57. Ke3 h3 58. Kf2 f4 59. Bg8 Ke7 60. Kg1 f3 61. Bh7 Kxe6 62. Kh2 Kd5 63. Kxh3 Kc5 64. Bd3 Kd4 65. Bf1 Ke4 66. Kg3 Ke3 67. Bb5 f2 68. Kg2 Ke4 69. Kxf2 Kf4 70. Ke2 Ke4 71. Kd2 Kd4 72. Kc2 Kd5 73. Kc3 Kc5 74. Kb3 Kd5 75. Kb4 Kd6 76. Be8 Kc7 77. Kb5 Kb7 78. Bc6+ Ka7 79. Be4 1-0